[Event "Chessable Masters - Torneo preliminare"]
[White "Frolyanov, Dmitry"]
[Black "Esipenko, Andrey"]
[WhiteFideId "4151976"]
[BlackFideId "24175439"]
[WhiteElo "2451"]
[BlackElo "2682"]
[Result "1/2-1/2"]
[Round "4"]
[TimeControl "600+2"]
[Date "2023.03.13"]
[WhiteClock "0:00:18"]
[BlackClock "0:00:04"]

1. d4 {[%clk 0:10:00]}  Nf6 {[%clk 0:09:59]} 2. c4 {[%clk 0:10:00]}  e6 {[%clk 0:09:59]} 3. Nf3 {[%clk 0:10:00]}  d5 {[%clk 0:09:54]} 4. g3 {[%clk 0:10:00]}  Bb4+ {[%clk 0:09:53]} 5. Bd2 {[%clk 0:10:00]}  Be7 {[%clk 0:09:54]} 6. Bg2 {[%clk 0:10:01]}  O-O {[%clk 0:09:53]} 7. O-O {[%clk 0:10:02]}  c6 {[%clk 0:09:54]} 8. Qc2 {[%clk 0:10:02]}  Nbd7 {[%clk 0:09:46]} 9. Rd1 {[%clk 0:10:01]}  b6 {[%clk 0:09:42]} 10. Bf4 {[%clk 0:10:00]}  Ba6 {[%clk 0:09:42]} 11. Nbd2 {[%clk 0:09:55]}  Nh5 {[%clk 0:09:30]} 12. Be3 {[%clk 0:09:53]}  Nhf6 {[%clk 0:09:18]} 13. Rac1 {[%clk 0:09:49]}  Rc8 {[%clk 0:09:18]} 14. Bg5 {[%clk 0:09:41]}  Bb7 {[%clk 0:09:02]} 15. e4 {[%clk 0:09:23]}  h6 {[%clk 0:08:33]} 16. Bxf6 {[%clk 0:09:18]}  Nxf6 {[%clk 0:08:35]} 17. Ne5 {[%clk 0:08:57]}  dxc4 {[%clk 0:08:23]} 18. Ndxc4 {[%clk 0:08:52]}  b5 {[%clk 0:08:12]} 19. Ne3 {[%clk 0:08:50]}  Qb6 {[%clk 0:08:08]} 20. Qe2 {[%clk 0:07:35]}  Rfd8 {[%clk 0:08:00]} 21. Nxf7 {[%clk 0:07:17]}  Kxf7 {[%clk 0:07:34]} 22. e5 {[%clk 0:07:17]}  Nh7 {[%clk 0:07:17]} 23. Be4 {[%clk 0:05:08]}  Kg8 {[%clk 0:07:01]} 24. Qg4 {[%clk 0:04:32]}  Nf8 {[%clk 0:06:58]} 25. h4 {[%clk 0:03:48]}  Rd7 {[%clk 0:06:12]} 26. Rd3 {[%clk 0:03:46]}  Rcd8 {[%clk 0:03:32]} 27. Rcd1 {[%clk 0:03:45]}  Kh8 {[%clk 0:03:33]} 28. Bg2 {[%clk 0:02:50]}  Qc7 {[%clk 0:03:22]} 29. Qf4 {[%clk 0:02:19]}  c5 {[%clk 0:02:29]} 30. d5 {[%clk 0:02:20]}  exd5 {[%clk 0:02:30]} 31. Nxd5 {[%clk 0:02:17]}  Bxd5 {[%clk 0:02:31]} 32. Rxd5 {[%clk 0:02:08]}  Ng6 {[%clk 0:02:13]} 33. Qf5 {[%clk 0:01:44]}  Rxd5 {[%clk 0:00:22]} 34. Rxd5 {[%clk 0:01:46]}  Nf8 {[%clk 0:00:13]} 35. Qf7 {[%clk 0:01:39]}  Bd6 {[%clk 0:00:03]} 36. Qf5 {[%clk 0:01:29]}  Be7 {[%clk 0:00:04]} 37. Qf7 {[%clk 0:01:30]}  a6 {[%clk 0:00:06]} 38. Rxd8 {[%clk 0:01:26]}  Qxd8 {[%clk 0:00:06]} 39. Bd5 {[%clk 0:01:22]}  Nd7 {[%clk 0:00:07]} 40. Qf5 {[%clk 0:01:03]}  c4 {[%clk 0:00:08]} 41. a4 {[%clk 0:00:54]}  c3 {[%clk 0:00:03]} 42. axb5 {[%clk 0:00:51]}  cxb2 {[%clk 0:00:03]} 43. bxa6 {[%clk 0:00:53]}  Nc5 {[%clk 0:00:03]} 44. Ba2 {[%clk 0:00:37]}  Nxa6 {[%clk 0:00:02]} 45. Bb1 {[%clk 0:00:34]}  Qg8 {[%clk 0:00:04]} 46. Qc2 {[%clk 0:00:30]}  Bc5 {[%clk 0:00:02]} 47. Qxb2 {[%clk 0:00:30]}  Nb4 {[%clk 0:00:03]} 48. Qc3 {[%clk 0:00:29]}  Qf8 {[%clk 0:00:04]} 49. Qe1 {[%clk 0:00:24]}  Nc6 {[%clk 0:00:03]} 50. Kg2 {[%clk 0:00:20]}  Bd4 {[%clk 0:00:05]} 51. f4 {[%clk 0:00:21]}  Qb8 {[%clk 0:00:02]} 52. Qe4 {[%clk 0:00:22]}  Kg8 {[%clk 0:00:02]} 53. Ba2+ {[%clk 0:00:21]}  Kh8 {[%clk 0:00:03]} 54. Bb1 {[%clk 0:00:20]}  Kg8 {[%clk 0:00:03]} 55. Ba2+ {[%clk 0:00:17]}  Kh8 {[%clk 0:00:04]} 56. Bb1 {[%clk 0:00:18]} 1/2-1/2


[Site "Internet"]

[Event "Chessable Masters - Torneo preliminare"]
[White "Tari, Aryan"]
[Black "Santos Ruiz, Miguel"]
[WhiteFideId "1510045"]
[BlackFideId "22291482"]
[WhiteElo "2539"]
[BlackElo "2491"]
[Result "1-0"]
[Round "4"]
[TimeControl "600+2"]
[Date "2023.03.13"]
[WhiteClock "0:00:35"]
[BlackClock "0:00:05"]

1. e4 {[%clk 0:10:01]}  e5 {[%clk 0:10:00]} 2. Nf3 {[%clk 0:10:02]}  Nc6 {[%clk 0:10:02]} 3. d4 {[%clk 0:10:03]}  exd4 {[%clk 0:10:02]} 4. Nxd4 {[%clk 0:10:05]}  Nf6 {[%clk 0:10:02]} 5. Nxc6 {[%clk 0:10:06]}  bxc6 {[%clk 0:10:03]} 6. Nd2 {[%clk 0:10:07]}  Bc5 {[%clk 0:10:00]} 7. Nb3 {[%clk 0:10:03]}  Bb6 {[%clk 0:09:56]} 8. Bd3 {[%clk 0:09:47]}  d5 {[%clk 0:09:52]} 9. exd5 {[%clk 0:09:22]}  O-O {[%clk 0:09:40]} 10. O-O {[%clk 0:09:21]}  cxd5 {[%clk 0:09:33]} 11. h3 {[%clk 0:09:22]}  Re8 {[%clk 0:09:26]} 12. Bg5 {[%clk 0:09:07]}  h6 {[%clk 0:09:25]} 13. Bh4 {[%clk 0:09:07]}  Qd6 {[%clk 0:09:25]} 14. Qf3 {[%clk 0:07:46]}  Ne4 {[%clk 0:09:22]} 15. Rad1 {[%clk 0:07:42]}  g5 {[%clk 0:08:28]} 16. Bxe4 {[%clk 0:06:41]}  dxe4 {[%clk 0:08:28]} 17. Qc3 {[%clk 0:06:43]}  Qe7 {[%clk 0:07:59]} 18. Bg3 {[%clk 0:06:32]}  f5 {[%clk 0:06:12]} 19. Qc6 {[%clk 0:06:31]}  Be6 {[%clk 0:05:48]} 20. Be5 {[%clk 0:06:26]}  Qf7 {[%clk 0:05:29]} 21. Nc5 {[%clk 0:05:42]}  Rac8 {[%clk 0:04:16]} 22. Bc3 {[%clk 0:05:06]}  Kh7 {[%clk 0:03:32]} 23. Rd4 {[%clk 0:04:06]}  Re7 {[%clk 0:03:14]} 24. Rfd1 {[%clk 0:03:54]}  Rce8 {[%clk 0:03:02]} 25. Rd8 {[%clk 0:03:45]}  Rxd8 {[%clk 0:02:05]} 26. Rxd8 {[%clk 0:03:45]}  Bxc5 {[%clk 0:02:06]} 27. Qxc5 {[%clk 0:03:38]}  Rd7 {[%clk 0:02:07]} 28. Rh8+ {[%clk 0:03:10]}  Kg6 {[%clk 0:02:08]} 29. h4 {[%clk 0:01:49]}  f4 {[%clk 0:01:38]} 30. Rf8 {[%clk 0:01:15]}  Qe7 {[%clk 0:00:49]} 31. Rf6+ {[%clk 0:01:14]}  Kh5 {[%clk 0:00:49]} 32. Qc6 {[%clk 0:01:04]}  Rd1+ {[%clk 0:00:11]} 33. Kh2 {[%clk 0:01:05]}  Bd7 {[%clk 0:00:02]} 34. Rxh6+ {[%clk 0:01:00]}  Kg4 {[%clk 0:00:04]} 35. Qg6 {[%clk 0:00:59]}  f3 {[%clk 0:00:05]} 36. Qh5+ {[%clk 0:00:35]}  Kf5 {[%clk 0:00:05]} 37. Rf6+ {[%clk 0:00:35]} 1-0


[Site "Internet"]

[Event "Chessable Masters - Torneo preliminare"]
[White "Flores, Diego"]
[Black "Vokhidov, Shamsiddin"]
[WhiteFideId "108049"]
[BlackFideId "14204223"]
[WhiteElo "2598"]
[BlackElo "2514"]
[Result "0-1"]
[Round "4"]
[TimeControl "600+2"]
[Date "2023.03.13"]
[WhiteClock "0:01:47"]
[BlackClock "0:05:34"]

1. c4 {[%clk 0:10:01]}  e5 {[%clk 0:10:00]} 2. Nc3 {[%clk 0:10:01]}  Nf6 {[%clk 0:10:01]} 3. Nf3 {[%clk 0:10:02]}  Nc6 {[%clk 0:10:03]} 4. e3 {[%clk 0:10:03]}  Bb4 {[%clk 0:10:03]} 5. Nd5 {[%clk 0:10:03]}  Bd6 {[%clk 0:09:57]} 6. d4 {[%clk 0:08:57]}  exd4 {[%clk 0:09:21]} 7. exd4 {[%clk 0:08:58]}  O-O {[%clk 0:09:08]} 8. Bg5 {[%clk 0:07:09]}  Qe8+ {[%clk 0:09:08]} 9. Be2 {[%clk 0:06:59]}  Nxd5 {[%clk 0:09:05]} 10. cxd5 {[%clk 0:07:01]}  Ne7 {[%clk 0:08:15]} 11. Bxe7 {[%clk 0:06:17]}  Qxe7 {[%clk 0:08:13]} 12. O-O {[%clk 0:06:18]}  b6 {[%clk 0:08:07]} 13. Re1 {[%clk 0:06:03]}  Bb4 {[%clk 0:08:04]} 14. Rf1 {[%clk 0:05:43]}  Bb7 {[%clk 0:08:00]} 15. Bc4 {[%clk 0:05:38]}  b5 {[%clk 0:07:50]} 16. Bb3 {[%clk 0:05:26]}  Qd6 {[%clk 0:07:42]} 17. Qd3 {[%clk 0:04:11]}  Bxd5 {[%clk 0:07:31]} 18. Ng5 {[%clk 0:03:59]}  g6 {[%clk 0:07:31]} 19. a3 {[%clk 0:03:02]}  Ba5 {[%clk 0:06:26]} 20. Qxb5 {[%clk 0:02:48]}  Bxb3 {[%clk 0:06:26]} 21. Qxb3 {[%clk 0:02:31]}  Qxd4 {[%clk 0:06:14]} 22. Qh3 {[%clk 0:02:25]}  h5 {[%clk 0:06:09]} 23. Rad1 {[%clk 0:02:24]}  Qf4 {[%clk 0:05:57]} 24. Rd5 {[%clk 0:02:15]}  Bb6 {[%clk 0:05:56]} 25. Qxd7 {[%clk 0:02:13]}  Rae8 {[%clk 0:05:38]} 26. Nh3 {[%clk 0:01:50]}  Qf6 {[%clk 0:05:35]} 27. Rd2 {[%clk 0:01:47]}  Rd8 {[%clk 0:05:34]} 0-1


[Site "Internet"]

[Event "Chessable Masters - Torneo preliminare"]
[White "Bindrich, Falko"]
[Black "Pantsulaia, Levan"]
[WhiteFideId "4676670"]
[BlackFideId "13602071"]
[WhiteElo "2548"]
[BlackElo "2533"]
[Result "0-1"]
[Round "4"]
[TimeControl "600+2"]
[Date "2023.03.13"]
[WhiteClock "0:00:44"]
[BlackClock "0:00:20"]

1. d4 {[%clk 0:10:01]}  c5 {[%clk 0:09:53]} 2. e3 {[%clk 0:09:59]}  Nf6 {[%clk 0:09:48]} 3. Nf3 {[%clk 0:10:00]}  b6 {[%clk 0:09:45]} 4. Bd3 {[%clk 0:09:52]}  Bb7 {[%clk 0:09:43]} 5. O-O {[%clk 0:09:53]}  e6 {[%clk 0:09:20]} 6. c4 {[%clk 0:09:44]}  cxd4 {[%clk 0:09:13]} 7. exd4 {[%clk 0:09:46]}  d5 {[%clk 0:09:15]} 8. Nc3 {[%clk 0:09:48]}  Be7 {[%clk 0:09:11]} 9. Bg5 {[%clk 0:09:48]}  Nbd7 {[%clk 0:08:44]} 10. Re1 {[%clk 0:09:41]}  O-O {[%clk 0:08:41]} 11. Qe2 {[%clk 0:09:03]}  dxc4 {[%clk 0:07:58]} 12. Bxc4 {[%clk 0:09:03]}  Rc8 {[%clk 0:07:59]} 13. Ba6 {[%clk 0:08:22]}  Qc7 {[%clk 0:07:17]} 14. d5 {[%clk 0:07:21]}  Bxa6 {[%clk 0:06:08]} 15. Qxa6 {[%clk 0:07:23]}  Nc5 {[%clk 0:06:09]} 16. Qe2 {[%clk 0:07:21]}  Rfe8 {[%clk 0:06:10]} 17. Rad1 {[%clk 0:05:04]}  Qb7 {[%clk 0:04:37]} 18. b4 {[%clk 0:04:27]}  Na6 {[%clk 0:04:18]} 19. dxe6 {[%clk 0:03:36]}  Bxb4 {[%clk 0:03:20]} 20. Bxf6 {[%clk 0:02:40]}  Rxe6 {[%clk 0:03:18]} 21. Qd3 {[%clk 0:01:53]}  Rxf6 {[%clk 0:02:20]} 22. Nd5 {[%clk 0:01:12]}  Bxe1 {[%clk 0:01:06]} 23. Rxe1 {[%clk 0:01:01]}  Re6 {[%clk 0:00:54]} 24. Rd1 {[%clk 0:00:47]}  Nc5 {[%clk 0:00:53]} 25. Qf5 {[%clk 0:00:48]}  h6 {[%clk 0:00:51]} 26. Ne5 {[%clk 0:00:48]}  Rce8 {[%clk 0:00:45]} 27. f4 {[%clk 0:00:49]}  Rd6 {[%clk 0:00:33]} 28. Ne7+ {[%clk 0:00:42]}  Qxe7 {[%clk 0:00:24]} 29. Rxd6 {[%clk 0:00:44]}  f6 {[%clk 0:00:20]} 0-1


[Site "Internet"]

[Event "Chessable Masters - Torneo preliminare"]
[White "Ponkratov, Pavel"]
[Black "Petrov, Nikita"]
[WhiteFideId "4157800"]
[BlackFideId "4101286"]
[WhiteElo "2586"]
[BlackElo "2514"]
[Result "0-1"]
[Round "4"]
[TimeControl "600+2"]
[Date "2023.03.13"]
[WhiteClock "0:02:43"]
[BlackClock "0:00:06"]

1. e4 {[%clk 0:10:01]}  e5 {[%clk 0:10:00]} 2. Nf3 {[%clk 0:10:02]}  Nc6 {[%clk 0:10:00]} 3. c3 {[%clk 0:10:00]}  Nf6 {[%clk 0:09:55]} 4. d3 {[%clk 0:09:57]}  d5 {[%clk 0:09:52]} 5. Nbd2 {[%clk 0:09:58]}  a5 {[%clk 0:09:49]} 6. Be2 {[%clk 0:09:57]}  Bc5 {[%clk 0:09:47]} 7. O-O {[%clk 0:09:53]}  O-O {[%clk 0:09:48]} 8. b3 {[%clk 0:09:50]}  Re8 {[%clk 0:09:38]} 9. a3 {[%clk 0:09:44]}  h6 {[%clk 0:08:13]} 10. Rb1 {[%clk 0:09:39]}  dxe4 {[%clk 0:07:40]} 11. dxe4 {[%clk 0:09:39]}  Be6 {[%clk 0:06:50]} 12. Bb5 {[%clk 0:09:34]}  Bg4 {[%clk 0:05:53]} 13. b4 {[%clk 0:09:24]}  axb4 {[%clk 0:05:53]} 14. axb4 {[%clk 0:09:25]}  Bd6 {[%clk 0:05:49]} 15. h3 {[%clk 0:09:19]}  Bd7 {[%clk 0:05:39]} 16. Bc4 {[%clk 0:09:11]}  Qe7 {[%clk 0:05:26]} 17. Qc2 {[%clk 0:09:01]}  Nh5 {[%clk 0:05:20]} 18. Rd1 {[%clk 0:08:40]}  Qf6 {[%clk 0:05:10]} 19. Nh2 {[%clk 0:08:22]}  Nf4 {[%clk 0:05:06]} 20. Ndf1 {[%clk 0:08:15]}  Qg6 {[%clk 0:04:31]} 21. Ng3 {[%clk 0:08:05]}  h5 {[%clk 0:04:03]} 22. Nf3 {[%clk 0:08:04]}  Qf6 {[%clk 0:04:04]} 23. h4 {[%clk 0:07:01]}  Be6 {[%clk 0:02:36]} 24. Bxe6 {[%clk 0:06:58]}  Qxe6 {[%clk 0:02:30]} 25. Bxf4 {[%clk 0:06:36]}  exf4 {[%clk 0:02:32]} 26. Nf5 {[%clk 0:06:37]}  Qxe4 {[%clk 0:01:52]} 27. Qxe4 {[%clk 0:06:31]}  Rxe4 {[%clk 0:01:54]} 28. Nxd6 {[%clk 0:06:27]}  cxd6 {[%clk 0:01:56]} 29. Rxd6 {[%clk 0:06:29]}  Ne5 {[%clk 0:01:01]} 30. Ng5 {[%clk 0:06:28]}  Re2 {[%clk 0:01:00]} 31. Rbd1 {[%clk 0:06:08]}  g6 {[%clk 0:01:00]} 32. R6d4 {[%clk 0:05:34]}  f3 {[%clk 0:00:37]} 33. gxf3 {[%clk 0:05:10]}  Raa2 {[%clk 0:00:33]} 34. Re4 {[%clk 0:04:51]}  Nxf3+ {[%clk 0:00:32]} 35. Kh1 {[%clk 0:04:08]}  Rxf2 {[%clk 0:00:33]} 36. Nxf3 {[%clk 0:04:08]}  Rxf3 {[%clk 0:00:35]} 37. c4 {[%clk 0:04:09]}  Rb2 {[%clk 0:00:20]} 38. c5 {[%clk 0:04:09]}  Rfb3 {[%clk 0:00:18]} 39. Rdd4 {[%clk 0:04:00]}  Rc2 {[%clk 0:00:19]} 40. Rd1 {[%clk 0:04:01]}  Kg7 {[%clk 0:00:21]} 41. Rf1 {[%clk 0:03:56]}  Rbb2 {[%clk 0:00:10]} 42. Rd1 {[%clk 0:03:50]}  Rh2+ {[%clk 0:00:10]} 43. Kg1 {[%clk 0:03:51]}  Rhg2+ {[%clk 0:00:12]} 44. Kh1 {[%clk 0:03:51]}  Rg4 {[%clk 0:00:09]} 45. Rdd4 {[%clk 0:03:32]}  Rb1+ {[%clk 0:00:05]} 46. Kh2 {[%clk 0:03:33]}  Rb2+ {[%clk 0:00:06]} 47. Kh1 {[%clk 0:03:34]}  Rxe4 {[%clk 0:00:04]} 48. Rxe4 {[%clk 0:03:35]}  Kf6 {[%clk 0:00:06]} 49. Kg1 {[%clk 0:03:29]}  Kf5 {[%clk 0:00:06]} 50. Re7 {[%clk 0:02:53]}  Rxb4 {[%clk 0:00:06]} 51. Rxf7+ {[%clk 0:02:54]}  Kg4 {[%clk 0:00:07]} 52. Kf2 {[%clk 0:02:43]}  Rf4+ {[%clk 0:00:06]} 0-1


[Site "Internet"]

[Event "Chessable Masters - Torneo preliminare"]
[White "Fier, Alexandr"]
[Black "Chirila, Ioan-Cristian"]
[WhiteFideId "2107139"]
[BlackFideId "1211668"]
[WhiteElo "2504"]
[BlackElo "2508"]
[Result "1-0"]
[Round "4"]
[TimeControl "600+2"]
[Date "2023.03.13"]
[WhiteClock "0:04:27"]
[BlackClock "0:01:48"]

1. e4 {[%clk 0:10:01]}  c5 {[%clk 0:09:43]} 2. Nf3 {[%clk 0:10:02]}  Nc6 {[%clk 0:09:45]} 3. Bb5 {[%clk 0:10:02]}  g6 {[%clk 0:09:46]} 4. Bxc6 {[%clk 0:09:57]}  dxc6 {[%clk 0:09:47]} 5. d3 {[%clk 0:09:58]}  Bg7 {[%clk 0:09:47]} 6. h3 {[%clk 0:09:59]}  Nf6 {[%clk 0:08:44]} 7. Nc3 {[%clk 0:09:58]}  Qc7 {[%clk 0:08:16]} 8. Be3 {[%clk 0:09:57]}  b6 {[%clk 0:08:15]} 9. Qd2 {[%clk 0:09:55]}  O-O {[%clk 0:07:54]} 10. Bh6 {[%clk 0:09:55]}  e5 {[%clk 0:07:35]} 11. Bxg7 {[%clk 0:09:55]}  Kxg7 {[%clk 0:07:37]} 12. O-O {[%clk 0:09:33]}  Nh5 {[%clk 0:07:21]} 13. Ne2 {[%clk 0:09:32]}  f5 {[%clk 0:06:59]} 14. exf5 {[%clk 0:09:16]}  Bxf5 {[%clk 0:06:59]} 15. Qe3 {[%clk 0:09:08]}  Nf4 {[%clk 0:06:04]} 16. Nxf4 {[%clk 0:09:03]}  exf4 {[%clk 0:06:04]} 17. Qd2 {[%clk 0:08:58]}  Be6 {[%clk 0:05:54]} 18. Rae1 {[%clk 0:08:55]}  Bd5 {[%clk 0:05:49]} 19. Ne5 {[%clk 0:08:54]}  h5 {[%clk 0:05:21]} 20. c4 {[%clk 0:08:42]}  Bg8 {[%clk 0:05:02]} 21. Re4 {[%clk 0:08:43]}  Rad8 {[%clk 0:04:44]} 22. Rfe1 {[%clk 0:08:39]}  Rd4 {[%clk 0:04:08]} 23. Qc3 {[%clk 0:08:03]}  Rxe4 {[%clk 0:03:55]} 24. Rxe4 {[%clk 0:08:03]}  Kh6 {[%clk 0:03:42]} 25. Nxc6 {[%clk 0:06:22]}  Qxc6 {[%clk 0:03:29]} 26. Qh8+ {[%clk 0:06:19]}  Kg5 {[%clk 0:03:26]} 27. Re5+ {[%clk 0:06:06]}  Kh4 {[%clk 0:02:38]} 28. Qg7 {[%clk 0:04:38]}  Re8 {[%clk 0:01:48]} 29. Kh2 {[%clk 0:04:27]} 1-0


[Site "Internet"]

[Event "Chessable Masters - Torneo preliminare"]
[White "Makhnev, Denis"]
[Black "Van Foreest, Jorden"]
[WhiteFideId "13707647"]
[BlackFideId "1039784"]
[WhiteElo "2505"]
[BlackElo "2682"]
[Result "0-1"]
[Round "4"]
[TimeControl "600+2"]
[Date "2023.03.13"]
[WhiteClock "0:00:13"]
[BlackClock "0:00:36"]

1. d4 {[%clk 0:10:01]}  Nf6 {[%clk 0:10:00]} 2. c4 {[%clk 0:10:02]}  c6 {[%clk 0:10:02]} 3. Nf3 {[%clk 0:10:02]}  d5 {[%clk 0:10:02]} 4. Nc3 {[%clk 0:10:01]}  dxc4 {[%clk 0:09:59]} 5. a4 {[%clk 0:10:01]}  e6 {[%clk 0:09:57]} 6. e3 {[%clk 0:09:35]}  c5 {[%clk 0:09:58]} 7. Bxc4 {[%clk 0:09:36]}  Nc6 {[%clk 0:09:59]} 8. O-O {[%clk 0:09:36]}  Be7 {[%clk 0:10:00]} 9. Qe2 {[%clk 0:09:36]}  O-O {[%clk 0:10:00]} 10. Rd1 {[%clk 0:09:38]}  Bd7 {[%clk 0:10:01]} 11. Ne5 {[%clk 0:08:12]}  cxd4 {[%clk 0:09:42]} 12. exd4 {[%clk 0:08:04]}  Nb4 {[%clk 0:09:42]} 13. Bg5 {[%clk 0:07:52]}  Bc6 {[%clk 0:09:38]} 14. Nxc6 {[%clk 0:07:23]}  bxc6 {[%clk 0:09:37]} 15. a5 {[%clk 0:07:24]}  Rb8 {[%clk 0:09:33]} 16. g3 {[%clk 0:06:58]}  Nfd5 {[%clk 0:09:31]} 17. Bc1 {[%clk 0:06:34]}  Qc7 {[%clk 0:09:18]} 18. Ne4 {[%clk 0:05:52]}  Rfd8 {[%clk 0:09:17]} 19. h4 {[%clk 0:05:31]}  h6 {[%clk 0:09:17]} 20. Nc5 {[%clk 0:03:58]}  Bxc5 {[%clk 0:08:42]} 21. dxc5 {[%clk 0:03:59]}  Qe7 {[%clk 0:08:43]} 22. b3 {[%clk 0:03:24]}  Qxc5 {[%clk 0:07:35]} 23. Bb2 {[%clk 0:03:24]}  Qe7 {[%clk 0:07:29]} 24. Qe5 {[%clk 0:02:19]}  f6 {[%clk 0:07:24]} 25. Qe2 {[%clk 0:02:19]}  Rd7 {[%clk 0:07:11]} 26. Re1 {[%clk 0:02:17]}  e5 {[%clk 0:07:03]} 27. Ba3 {[%clk 0:01:19]}  Kh8 {[%clk 0:06:52]} 28. Rac1 {[%clk 0:00:47]}  Qd8 {[%clk 0:06:49]} 29. Qg4 {[%clk 0:00:32]}  Rd6 {[%clk 0:06:16]} 30. Bxd5 {[%clk 0:00:10]}  Rxd5 {[%clk 0:06:18]} 31. Bxb4 {[%clk 0:00:11]}  Rd4 {[%clk 0:06:19]} 32. Qe6 {[%clk 0:00:13]}  Rdxb4 {[%clk 0:06:15]} 33. Rxc6 {[%clk 0:00:14]}  Rxb3 {[%clk 0:06:12]} 34. Rec1 {[%clk 0:00:09]}  Rb1 {[%clk 0:05:28]} 35. Rxb1 {[%clk 0:00:04]}  Rxb1+ {[%clk 0:05:29]} 36. Kh2 {[%clk 0:00:06]}  Rb8 {[%clk 0:05:29]} 37. a6 {[%clk 0:00:07]}  Qd3 {[%clk 0:05:07]} 38. Rc8+ {[%clk 0:00:03]}  Rxc8 {[%clk 0:05:09]} 39. Qxc8+ {[%clk 0:00:05]}  Kh7 {[%clk 0:05:10]} 40. Qb7 {[%clk 0:00:06]}  Qd4 {[%clk 0:05:08]} 41. Kg1 {[%clk 0:00:07]}  e4 {[%clk 0:05:01]} 42. h5 {[%clk 0:00:07]}  e3 {[%clk 0:03:53]} 43. Qb1+ {[%clk 0:00:07]}  Kg8 {[%clk 0:03:54]} 44. Qb3+ {[%clk 0:00:09]}  Kf8 {[%clk 0:03:54]} 45. fxe3 {[%clk 0:00:10]}  Qd6 {[%clk 0:03:41]} 46. Qb7 {[%clk 0:00:05]}  Qxg3+ {[%clk 0:03:35]} 47. Kf1 {[%clk 0:00:06]}  Qh3+ {[%clk 0:03:36]} 48. Kf2 {[%clk 0:00:05]}  Qh4+ {[%clk 0:03:18]} 49. Kg2 {[%clk 0:00:02]}  Qg5+ {[%clk 0:03:03]} 50. Kf2 {[%clk 0:00:03]}  Qc5 {[%clk 0:02:55]} 51. Qb8+ {[%clk 0:00:04]}  Ke7 {[%clk 0:02:57]} 52. Qb7+ {[%clk 0:00:05]}  Ke6 {[%clk 0:02:57]} 53. Qxg7 {[%clk 0:00:06]}  Qf5+ {[%clk 0:02:47]} 54. Ke1 {[%clk 0:00:07]}  Qa5+ {[%clk 0:02:47]} 55. Kf2 {[%clk 0:00:08]}  Qxa6 {[%clk 0:02:38]} 56. Qxh6 {[%clk 0:00:09]}  Qa2+ {[%clk 0:02:38]} 57. Kg3 {[%clk 0:00:10]}  Qe2 {[%clk 0:02:28]} 58. Kf4 {[%clk 0:00:05]}  Qf2+ {[%clk 0:02:19]} 59. Ke4 {[%clk 0:00:07]}  Qd2 {[%clk 0:02:07]} 60. Qh8 {[%clk 0:00:05]}  Qg2+ {[%clk 0:01:39]} 61. Kd3 {[%clk 0:00:05]}  Qd5+ {[%clk 0:01:37]} 62. Kc3 {[%clk 0:00:07]}  Qc5+ {[%clk 0:01:31]} 63. Kd3 {[%clk 0:00:08]}  Qb5+ {[%clk 0:01:32]} 64. Kc3 {[%clk 0:00:09]}  Qe5+ {[%clk 0:01:24]} 65. Kd3 {[%clk 0:00:11]}  Qf5+ {[%clk 0:01:26]} 66. Kc3 {[%clk 0:00:12]}  Kf7 {[%clk 0:01:26]} 67. h6 {[%clk 0:00:11]}  Qc5+ {[%clk 0:01:22]} 68. Kd3 {[%clk 0:00:12]}  Qd6+ {[%clk 0:01:23]} 69. Kc3 {[%clk 0:00:13]}  Qc7+ {[%clk 0:01:24]} 70. Kd3 {[%clk 0:00:14]}  Qd7+ {[%clk 0:01:26]} 71. Ke2 {[%clk 0:00:14]}  Kg6 {[%clk 0:01:26]} 72. Qf8 {[%clk 0:00:06]}  Qf7 {[%clk 0:01:25]} 73. Qh8 {[%clk 0:00:04]}  Qh7 {[%clk 0:01:22]} 74. Qf8 {[%clk 0:00:03]}  Qxh6 {[%clk 0:01:11]} 75. Qe8+ {[%clk 0:00:05]}  Kg5 {[%clk 0:01:11]} 76. Qb5+ {[%clk 0:00:03]}  f5 {[%clk 0:01:13]} 77. Qb8 {[%clk 0:00:04]}  Qh5+ {[%clk 0:00:53]} 78. Kd2 {[%clk 0:00:05]}  Qf7 {[%clk 0:00:42]} 79. Qf4+ {[%clk 0:00:06]}  Kg6 {[%clk 0:00:42]} 80. Qd6+ {[%clk 0:00:06]}  Qf6 {[%clk 0:00:43]} 81. Qg3+ {[%clk 0:00:07]}  Kf7 {[%clk 0:00:44]} 82. Qc7+ {[%clk 0:00:07]}  Qe7 {[%clk 0:00:45]} 83. Qc4+ {[%clk 0:00:09]}  Kg6 {[%clk 0:00:43]} 84. Qg8+ {[%clk 0:00:09]}  Kf6 {[%clk 0:00:43]} 85. Qh8+ {[%clk 0:00:11]}  Ke6 {[%clk 0:00:43]} 86. Qg8+ {[%clk 0:00:10]}  Ke5 {[%clk 0:00:42]} 87. Qg3+ {[%clk 0:00:08]}  Kd5 {[%clk 0:00:41]} 88. Qf3+ {[%clk 0:00:06]}  Ke6 {[%clk 0:00:42]} 89. Qa8 {[%clk 0:00:05]}  Qd7+ {[%clk 0:00:36]} 90. Ke2 {[%clk 0:00:06]}  Kd6 {[%clk 0:00:37]} 91. Qb8+ {[%clk 0:00:05]}  Kc5 {[%clk 0:00:37]} 92. Kf3 {[%clk 0:00:04]}  a5 {[%clk 0:00:34]} 93. Qf8+ {[%clk 0:00:04]}  Kc4 {[%clk 0:00:29]} 94. Kf4 {[%clk 0:00:05]}  a4 {[%clk 0:00:29]} 95. Qg8+ {[%clk 0:00:05]}  Qd5 {[%clk 0:00:29]} 96. Qc8+ {[%clk 0:00:06]}  Kd3 {[%clk 0:00:27]} 97. Qa6+ {[%clk 0:00:03]}  Qc4+ {[%clk 0:00:28]} 98. Qxc4+ {[%clk 0:00:03]}  Kxc4 {[%clk 0:00:28]} 99. Kxf5 {[%clk 0:00:05]}  a3 {[%clk 0:00:30]} 100. e4 {[%clk 0:00:07]}  a2 {[%clk 0:00:32]} 101. e5 {[%clk 0:00:09]}  a1=Q {[%clk 0:00:33]} 102. e6 {[%clk 0:00:11]}  Qg7 {[%clk 0:00:35]} 103. e7 {[%clk 0:00:13]}  Qxe7 {[%clk 0:00:36]} 0-1


[Site "Internet"]